000 01317nam a22003737a 4500
003 CHAP
005 20220817040930.0
008 971013s1989 r 00010 d
010 _a2944
011 _a3916
035 _a3117
040 _cCHAP
090 _aFolleto 13577
100 0 0 _aRojas Rodríguez, Freddy Eduardo.
_999365
245 _aArboles de navidad, establecimiento y manejo
260 _aCartago, C.R. :
_bInstituto Tecnológico de Costa Rica. Centro de Información Tecnológica,
_c1989
300 _a47 p.
_b: ilus
490 _aSerie Informativa. Tecnología apropiada
_v; 19
500 _aD48-1
590 _aBATCH-UPD
_b10
_c20130110
_lUCH01
_h0206
590 _aBATCH-UPD
_b10
_c20130110
_lUCH01
_h1217
590 _aBATCH-UPD
_b10
_c20130409
_lUCH01
_h2219
590 _aBATCH-UPD
_b10
_c20130410
_lUCH01
_h1525
590 _aBATCH-UPD
_b10
_c20130914
_lUCH01
_h2008
590 _aBATCH-UPD
_b10
_c20170620
_lUCH01
_h0912
590 _aCONVERSION
_b10
_c20130109
_lUCH01
_h1303
650 1 4 _aÁrboles ornamentales.
_96693
700 0 _aTorres C., Gustavo.
_9114061
710 0 _aInstituto Tecnológico de Costa Rica. Cartago, C. R.
_959459
830 0 _aSerie Informativa Tecnología Apropiada
_v; 19
901 _aBK
942 _cFOLL
949 _aFolleto 13577
_bBC
_cFOLL
_d-12628
_eTS1
_i3117
_mD
_si
999 _c2944
_d2944